00770nam a22001695i 4500001000700000003000900007005001700016008004100033040002000074110003900094245018800133260005800321300002100379700002700400710005100427852012200478157742ES-MaACL20230906210831.0040818s1880 sp |||| | spa d aCAM bspa cCAM2 aLiga de Contribuyentes de Granada.10aMemoria leida por el presidente de la misma Don Pablo Diaz y Jimenez en la junta general extraordinaria celebrada el dia 14 de marzo de 1880 /cLiga de Contibuyentes [sic] de Granada. aGranada : b[s.n.], c1880 (fImprenta de La Lealtad) a43 p. ; c21 cm.1 aDiaz y Jimenez, Pablo.2 aLiga de Contribuyentes de Granada j-Memorias. aES-MaACLjL-4906(13-5) z-- Enc. hol. z-- Donativo Roda q-- Falto de la cub. original z-- Enc. en un vol. facticio